000
00296nam a22001337a 4500
999
_c
528431
_d
528431
003
NUST
038
_a
MSOHAIL
082
_a
0
100
_a
Hamid Ali
_9
20236
245
_a
The West Pakistan building and roads
260
_a
Karachi
_b
Ideal Pub
_c
1998
300
_a
288,p;
_c
25cm
942
_2
ddc
_c
BK